Представление документа в формате RUSMARC

ПолеНазваниеЗначение
  Тип записи a
  Библиографический уровень m
001 Контрольный номер c123ca76794e43b89d651e7c043a42d5
005 Дата корректировки 20140605091659.6
010 Индекс ISBN __
a ISBN 985-6551-46-3
101 Язык документа 0_
a Язык текста rus
102 Страна публикации __
a Страна публикации RU
200 Заглавие и сведения об ответственности 1_
a Заглавие Гомель
e Сведения, относящиеся к заглавию [фотоальбом]
f Первые сведения об ответственности сост. С. Ноздрин-Плотницкая
210 Выходные данные 1_
c Издательство Сож
a Место издания Гомель
d Дата издания 2005
215 Физическое описание __
a Объем 253, [3] с.
610 Ключевые слова 0_
a Ключевые слова Беларусь
610 Ключевые слова 0_
a Ключевые слова Гомель
686 Индексы других классификаций __
a Классификационный индекс 65.9(4Беи)
2 Код системы rubbk
702 Вторичная интеллектуальная ответственность _1
a Фамилия Ноздрин-Плотницкая
b Имя С.
4 Код отношения 220
801 Источник записи _0
a Страна RU
b Организация РУК
c Дата составления 20091214
g Правила каталогизации PSBO
801 Источник записи _1
a Страна RU
b Организация РУК
c Дата составления 20091214
g Правила каталогизации PSBO
852 Данные о местонахождении __
i Авторский знак Г 64
j Шифр хранения ББК 65.9
901 Тип документа __
t Тип документа m
938 Служебная информация __
a Название организации Головной вуз
b Имя БД BOOK
c Название АИБС АИБС ИРБИС